Catálogo
 En Linea

Labor periodistica de don Andres Bello / (Registro nro. 18595)

Detalles MARC
000 -CABECERA
campo de control de longitud fija 00970cam a22002651 4500
001 - NÚMERO DE CONTROL
campo de control 000019077
005 - FECHA Y HORA DE LA ÚLTIMA TRANSACCIÓN
campo de control 20200929165920.0
008 - DATOS DE LONGITUD FIJA--INFORMACIÓN GENERAL
campo de control de longitud fija 741122s1962 ve 000 0 spa
010 ## - NÚMERO DE CONTROL DE LA BIBLIOTECA DEL CONGRESO
Número de control de LC 65058004
035 ## - NÚMERO DE CONTROL DEL SISTEMA
Número de control de sistema (OCoLC)1084340
040 ## - FUENTE DE LA CATALOGACIÓN
Centro catalogador/agencia de origen DO-SdBNP
Centro/agencia transcriptor OTU
Centro/agencia modificador OCoLC
-- DLC
042 ## - CÓDIGO DE AUTENTICACIÓN
Código de autenticación premarc
050 00 - SIGNATURA TOPOGRÁFICA DE LA BIBLIOTECA DEL CONGRESO
Número de clasificación PN5000.A7
Número de documento/Ítem B4
100 2# - ENTRADA PRINCIPAL--NOMBRE DE PERSONA
Nombre de persona Alvarez O., Federico.
9 (RLIN) 41048
245 10 - MENCIÓN DE TÍTULO
Título Labor periodistica de don Andres Bello /
Mención de responsabilidad, etc. [por] Federico Alvarez O.
260 ## - PUBLICACIÓN, DISTRIBUCIÓN, ETC.
Lugar de publicación, distribución, etc. Caracas,
Fecha de publicación, distribución, etc. 1962.
300 ## - DESCRIPCIÓN FÍSICA
Extensión 202 p. ;
Dimensiones 24 cm.
490 1# - MENCIÓN DE SERIE
Mención de serie Universidad Central de Venezuela. Facultad de Humanidades y Educacion. Escuela de Periodismo. Cuaderno
Designación de volumen o secuencia 16
502 ## - NOTA DE TESIS
Nota de tesis Tesis (periodista)--Universidad de Chile.
504 ## - NOTA DE BIBLIOGRAFÍA, ETC.
Nota de bibliografía, etc. Bibliography: p. 201-202.
600 10 - PUNTO DE ACCESO ADICIONAL DE MATERIA--NOMBRE DE PERSONA
Nombre de persona Bello, Andres,
Fechas asociadas al nombre 1781-1865.
9 (RLIN) 18145
650 #0 - PUNTO DE ACCESO ADICIONAL DE MATERIA--TÉRMINO DE MATERIA
Término de materia o nombre geográfico como elemento de entrada Latin american periodicals.
9 (RLIN) 41049
830 #0 - PUNTO DE ACCESO ADICIONAL DE SERIE-TÍTULO UNIFORME
Título uniforme Cuaderno (Universidad Central de Venezuela. Escuela de Periodismo) ;
Designación de volumen o secuencia 16.
9 (RLIN) 41050
910 ## - DATOS DE OPCIÓN DEL USUARIO (OCLC)
Datos de opción del usuario Catalogación derivada / LC
Existencias
Estado de retiro Estado de pérdida Restricciones de uso No para préstamo Código de colección Localización permanente Ubicación/localización actual Ubicación en estantería Fecha de adquisición Número de inventario Total de préstamos Signatura topográfica completa Código de barras Fecha visto por última vez Precio válido a partir de Tipo de ítem Koha
      Excluido de préstamo Monografías: Libros y Folletos General General Depósito 25.05.2010 LF1   19077-10 25.06.2020 25.06.2020 No se presta

Con tecnología Koha